Sports Quiz

Random Sports or Rugby Quiz
Score 0/20 Timer 05:00
0 Plays Today
Hint Answer % Correct
Play their rugby at the Ricoh ArenaWasps
80.8%
Number of Welsh clubs participating in PRO14 (spell out number)Four
73.5%
Ronan O'Gara began his coaching career with this sideRacing 92
65%
Year Warren Gatland was appointed as Ireland head coach1998
58.5%
Owen Farrell made his England debut against this countryScotland
57.9%
Captained the British & Irish Lions in 1997Martin Johnson
56.1%
Winners of the 2001 Heineken Cup Leicester Tigers
52.1%
Play their home games at Stade MayolToulon
51.3%
Team who won first ever Super Rugby competitionThe Blues
50.3%
All Blacks all-time top try scorer Doug Howlett
47.8%
Hint Answer % Correct
Head coach of JapanJamie Joseph
45.8%
Scored Munster's crucial second try in 2006 Heineken Cup finalPeter Stringer
45.8%
Leone Nakarawa's current clubGlasgow Warriors
43.3%
Stadium which hosted 1995 Rugby World Cup final Ellis Park Stadium
27.1%
Current captain of FranceCharles Ollivon
22.9%
CJ Stander received a red card for his tackle on this South African player in 2016Pat Lambie
21.9%
2014 World Rugby Player of the YearBrodie Retallick
20.7%
European Player of the Year trophy is named after this Irish legendAnthony Foley
20.5%
Connacht player who announced his move to FranceRobin Copeland
20.4%
Bristol Bears latest Rugby League signingRatu 'Siva' Naulago
7%
Come Together.
Have Fun.
All Virtual.
We all need to come together. Play Sporcle's virtual live trivia to have fun, connect with people, and get your trivia on. Join a live hosted trivia game for your favorite pub trivia experience done virtually. If a virtual private party is more your thing, go here for details.

You're not logged in!

Compare scores with friends on all Sporcle quizzes.
OR
Log In

Sporcle TV

Today on Sporcle TV


Watch our educational content, quiz creation guides, and fun videos on Sporcle TV.

Show Comments

Extras

Top Quizzes Today


Score Distribution

Paid Content

Your Account Isn't Verified!

In order to create a playlist on Sporcle, you need to verify the email address you used during registration. Go to your Sporcle Settings to finish the process.

Report this User

Report this user for behavior that violates our Community Guidelines.

Details: